000 00441nam a2200157Ia 4500
008 240729s9999 xx 000 0 und d
022 _a2667-2766
245 0 _aExploratory Research in Clinical and Social Pharmacy
260 _aUnited States
260 _bElsevier
650 _a Pharmacy and materia medica
650 _aMedicine
856 _uhttps://doaj.org/toc/b7eb912048354eb6b544670bccc45536
942 _2ddc
942 _cDOAJEJ
999 _c66214
_d66214
945 _a1
_bMadushi Gamage
_c1
_dMadushi Gamage